| 000 | 00348cam a22001217a 4500 | ||
|---|---|---|---|
| 008 | 180718b1996 xxu||||| |||| 00| 0 eng d | ||
| 082 | _aA99/G151 K541 | ||
| 100 | _aKidwai, Anser | ||
| 245 |
_aIndira Gandhi: charisma and crisis _cby Anser Kidwai |
||
| 260 |
_aNew Delhi _bSiddhi Books _c1996 |
||
| 300 | _a246p. | ||
| 650 | _aGandhi, Indira - Biography | ||
| 999 |
_c381220 _d381220 |
||